Vista normal Vista MARC

Entrada Personal Name

Número de registros utilizados en: 5

001 - CONTROL NUMBER

  • control field: 1165

003 - CONTROL NUMBER IDENTIFIER

  • control field: OSt

005 - DATE AND TIME OF LATEST TRANSACTION

  • control field: 20230411215237.0

008 - FIXED-LENGTH DATA ELEMENTS

  • fixed length control field: 230411|| aca||aabn | a|a d

040 ## - CATALOGING SOURCE

  • Original cataloging agency: OSt
  • Transcribing agency: OSt

100 ## - HEADING--PERSONAL NAME

  • Personal name: Achebe, Chinua,
  • Dates associated with a name: 1930-

670 ## - SOURCE DATA FOUND

  • Source citation: Work cat.: (OSt)2163: Achebe, Chinua, 1930-, Todo se desmorona









Instituto Departamental de Cultura del Meta - Red Departamental de Bibliotecas Públicas del Meta.